000 00486nam a2200181Ia 4500
008 090124s9999 xx 000 0 und d
082 _b18694
100 _aबुवा वि. आ.
245 _a फिरकी
250 _a0
260 _bभारतीय प्रकाशन मंदिर
300 _a83
600 _aबुवा वि. आ.
630 _a फिरकी
700 _aबुवा वि. आ.
730 _a फिरकी
942 _cBOOK
999 _c95479
_d95479